|
|
|
|
| LEADER |
01343nam a2200337 a 4500 |
| 001 |
14950585 |
| 003 |
BD-DhAAL |
| 005 |
20250703120024.0 |
| 008 |
091112s2008 cauab b 001 0 eng d |
| 010 |
|
|
|a 2007031736
|
| 020 |
|
|
|a 9781412949064 (pbk.)
|
| 040 |
|
|
|a DLC
|c DLC
|d DLC
|d BD-DhAAL
|
| 082 |
0 |
0 |
|a 338.8/8
|2 22
|
| 100 |
1 |
|
|a Shenkar, Oded.
|9 58645
|
| 245 |
1 |
0 |
|a International business /
|c Oded Shenkar, Yadong Luo.
|
| 250 |
|
|
|a Second edition.
|
| 260 |
|
|
|a Thousand Oaks, Calif. :
|b Sage Publications,
|c 2008.
|
| 300 |
|
|
|a xvi, 599 pages :
|b ill., maps ;
|c 28 cm.
|
| 504 |
|
|
|a Includes bibliographical references and index.
|
| 526 |
|
|
|a BBS
|x Requisitioned by Faculties of BBS
Course name and no : N/A
|
| 541 |
1 |
|
|a Karim International
|e 00019557
|
| 650 |
|
0 |
|a International trade.
|
| 650 |
|
0 |
|a International finance.
|
| 650 |
|
0 |
|a Investments, Foreign.
|
| 650 |
|
0 |
|a International business enterprises.
|
| 650 |
|
0 |
|a Economics.
|
| 700 |
1 |
|
|a Luo, Yadong.
|9 58646
|
| 852 |
4 |
|
|a Ayesha Abed Library
|j General Shelf.
|
| 942 |
|
|
|2 ddc
|c BK
|
| 999 |
|
|
|c 5502
|d 5502
|
| 952 |
|
|
|0 0
|1 0
|2 ddc
|4 0
|6 338_880000000000000_SHE
|7 0
|9 5375
|a BRACUL
|b BRACUL
|c GEN
|d 2009-11-10
|e Karim International
|g 5083.00
|l 12
|m 84
|o 338.88 SHE
|p 3010019557
|r 2019-09-15
|s 2019-04-10
|t 1
|w 2009-11-15
|y BK
|x Requisitioned by Faculties of BBS. Course name and no. "not available".
|